Statistiken für Länder am nächsten zu Tschechien

Klicken Sie hier um das Quiz zu spielen!

Allgemein

  • Dieses Quiz wurde 137 mal gespielt
  • Das Durchschnittsergebnis liegt bei 18 aus 20

Antwortstatistiken

kmLand% Korrekt
0Polen
100%
0Slowakei
100%
0Deutschland
99%
0Österreich
99%
70Ungarn
96%
200Slowenien
94%
314Schweiz
93%
218Italien
92%
234Kroatien
92%
371Bosnien und
Herzegowina
89%
330Serbien
88%
263Ukraine
88%
334Liechtenstein
85%
321Rumänien
85%
313Frankreich
82%
395Weißrussland
82%
404Belgien
80%
401Luxemburg
79%
429Niederlande
79%
421Dänemark
75%

Verteilung der Resultate

Perzentil nach korrekt beantworteten Fragen

Anzahl Personen mit jedem Resultat

Ihre Resultats-Entwicklung

Sie haben dieses Quiz noch nicht gespielt